Pregão : (Record no. 1376)

MARC details
000 -LÍDER
Campo Fixo de Controle 00852nam a2200253 a 4500
001 - NÚMERO DE CONTROLE
Campo de Controle 1376
003 - IDENTIFICAÇÃO DO NÚMERO DE CONTROLE
Campo de Controle BR-CuiBMT
005 - DATA E HORA DA ÚLTIMA ATUALIZAÇÃO
Campo de Controle 20231206021535.0
008 - DADOS FIXOS
Dados Fixos 230810s2012 rjb 000 0 por d
020 ## - INTERNATIONAL STANDARD BOOK NUMBER
Nº do ISBN 9788530940980
040 ## - AGÊNCIA CATALOGADORA
Código da Agência Catalogadora BR-CuiBMT
Agência que transcreveu o registro BR-CuiBMT
080 ## - Nº DA CLASSIFICAÇÃO DECIMAL UNIVERSAL
Nº edição CDU 2007
Nº Class. CDU 351.712
090 ## - NÚMERO DE CHAMADA
Nº classificação 351.712
Cutter T653p
Ano/Edição 5. ed.
100 1# - ENTRADA PRINCIPAL -- AUTOR PESSOAL
Nome pessoal Tolosa Filho, Benedicto
245 10 - TÍTULO PRINCIPAL
Título principal Pregão :
Subtítulo uma nova modalidade de licitação /
Indicação de responsabilidade Benedicto Tolosa Filho.
250 ## - EDIÇÃO
Edição 5 ed., rev., atual. e ampl.
260 ## - PUBLICAÇÃO, DISTRIBUIÇÃO, ETC.
Local de publicação Rio de Janeiro :
Editora Forense,
Data 2012.
300 ## - DESCRIÇÃO FÍSICA
N. páginas ou volumes viii, 247 p. ;
Dimensões 21 cm
500 ## - NOTAS GERAIS
Notas gerais Comentários teóricos e práticos ; Pregão presencial e pregão eletrônico.
650 ## - ASSUNTO TÓPICO
Cabeçalho tópico ou nome geográfico Pregão eletrônico
Subdivisão de forma Legislação
Subdivisão geográfica Brasil
650 ## - ASSUNTO TÓPICO
Cabeçalho tópico ou nome geográfico Pregão presencial
Subdivisão geográfica Brasil
650 ## - ASSUNTO TÓPICO
Cabeçalho tópico ou nome geográfico Sanção administrativa
Subdivisão geral Licitação
Subdivisão geográfica Brasil
942 ## - ELEMENTOS DE ENTRADA ADICIONAIS (KOHA)
Fonte de classificação ou esquema de arquivamento Classificação Decimal Universal
Tipo de item do Koha Livros
Holdings
Estado: removido Estado: perdido Fonte de classificação ou esquema de arquivamento Estado: danificado Indisponível para empréstimo Localização permanente Localização atual Data de aquisição Total Checkouts Número de Chamada completo Código de barras Date last seen Número do exemplar Preço efetivo a partir de Tipo de item (Koha)
    Classificação Decimal Universal     Biblioteca da Escola Superior de Contas do TCE/MT Biblioteca da Escola Superior de Contas do TCE/MT 06/12/2023   351.712 T653p 5. ed. BIBTCEMT23120256 06/12/2023 Ex. 1 06/12/2023 Livros

Powered by Koha